00315nam a22001097a 4500008004100000020002200041082001200063100001800075245007000093260002400163300001800187230228b |||||||| |||| 00| 0 eng d a978-0-670-09228-4 a324.954 aS.Y. Quraishi aThe Great March of Democracy:bSeven decades of India's Elections bIndia Viking,c2019 a296 p.c24 cm